International Journal of Business, Accounting and Finance (IJBAF)

Bibliographic Details
Format: eBook
Language:English
Published: Los ℓngeles: International Academy of Business and Public Administration Disciplines, 2018 -
Subjects:
Online Access:Acceso restringido

MARC

LEADER 00000nam a22000007a 4500
005 20191023231247.0
007 cr|||| ||||
008 191023c20189999us fr|w s|||| 0|||b1eng d
022 |a 1936-699X 
035 |a 22455 
040 |a vLex 
090 |c 9944  |d 9944 
245 0 0 |a International Journal of Business, Accounting and Finance (IJBAF)  |h [Recurso electrn̤ico] / 
256 |a Servicio en ln̕ea 
260 |a Los ℓngeles:  |b International Academy of Business and Public Administration Disciplines,  |c 2018 - 
300 |a 1 recurso electrn̤ico 
310 |a Bianual 
506 1 |a Disponible solo en los productos indicados  |d vLex Global  |d vLex Global (Academic Edition, excluding Law Schools)  |d vLex Global (Academic Edition, Law Schools) 
650 0 4 |a Economa̕ y negocios  |z Estados Unidos 
740 0 |a vLex Revistas (Servicio en ln̕ea) 
856 4 0 |u http://vlex.com/source/international-journal-of-business-accounting-and-finance-ijbaf-22455  |z Acceso restringido 
942 |c REV 
999 0 |a Economy and business